| 000 | 00577cam a2200241 4500 | ||
|---|---|---|---|
| 008 | 090401t1996 xxu||||| |||| 00| 0 eng d | ||
| 020 | _a1872860958 | ||
| 035 | _a(Sirsi) u78808 | ||
| 041 | _aeng | ||
| 050 | _a346.4102 | ||
| 100 | _aWyborn, John | ||
| 245 | _aOne stop contracts. | ||
| 260 |
_aHemel Hempstead _bICSA Publishing _c1996 |
||
| 300 | _axi,162p. ; 23cm. | ||
| 350 | _a14.95 | ||
| 490 | _aOne Stop | ||
| 650 | _aCONTRACT ADMINISTRATION | ||
| 650 | _aCONTRACT LAW | ||
| 650 |
_aContracts _96232 |
||
| 690 | _aLAW | ||
| 942 | _n0 | ||
| 948 | _c09/06/1997 | ||
| 999 |
_c96488 _d96488 |
||